Dopady ekonomickej a finančnej krízy na výkonnosť Vyšehradskej štvorky (V4)
História vzniku Vyšehradskej štvorky (V4). Ekonomická situácia v rokoch 2011-2012 v krajinách V4. Rast HDP v rokoch 1998-2011. Inflácia v rokoch 1998-2001. Bežný účet platobnej bilancie 2003-2011. Miera nezamestnanosti v percentách v rokoch 1998-2011. Predpokladaný vývoj v strednej a východnej Európ...
Uložené v:
| Hlavný autor: | |
|---|---|
| Ďalší autori: | |
| Médium: | Kapitola |
| Jazyk: | Slovak |
| Predmet: | |
| Tagy: |
Žiadne tagy, Buďte prvý, kto otaguje tento záznam!
|
MARC
| LEADER | 00000nla a2200000 4500 | ||
|---|---|---|---|
| 001 | 0163178 | ||
| 005 | 20240502072830.5 | ||
| 041 | 0 | |a slo | |
| 044 | |a SK | ||
| 245 | 1 | 0 | |a Dopady ekonomickej a finančnej krízy na výkonnosť Vyšehradskej štvorky (V4) |c Vladimír Bačišin, Kajetana Hontyová |
| 520 | |a História vzniku Vyšehradskej štvorky (V4). Ekonomická situácia v rokoch 2011-2012 v krajinách V4. Rast HDP v rokoch 1998-2011. Inflácia v rokoch 1998-2001. Bežný účet platobnej bilancie 2003-2011. Miera nezamestnanosti v percentách v rokoch 1998-2011. Predpokladaný vývoj v strednej a východnej Európe. Hrozby pokračujúcej recesie v krajinách strednej a východnej Európy. | ||
| 610 | 2 | 0 | |a situácia hospodárska |
| 610 | 2 | 0 | |a rast hospodársky |
| 610 | 2 | 0 | |a produkt domáci hrubý |
| 610 | 2 | 0 | |a bilancia platobná |
| 610 | 2 | 0 | |a inflácia |
| 610 | 2 | 0 | |a nezamestnanosť |
| 610 | 2 | 0 | |a recesia |
| 610 | 2 | 0 | |a kríza finančná |
| 610 | 2 | 0 | |a kríza hospodárska |
| 610 | 2 | 0 | |a Vyšehradská štvorka |
| 100 | 1 | |a Bačišin, Vladimír | |
| 700 | 1 | |a Hontyová, Kajetána | |